[Event "Mondiale Semilampo FIDE 2024"]
[Site "New York"]
[Date "28.12.2024"]
[Round "11.56"]
[White "Woodward, Andy"]
[Black "Samadov, Read"]
[Result "0-1"]
[WhiteTitle "GM"]
[BlackTitle "IM"]
[WhiteElo "2530"]
[BlackElo "2501"]
[WhiteFideId "30953499"]
[BlackFideId "13417444"]
[EventDate "26.12.2024"]

1. d4 d5 2. c4 c6 3. Nc3 Nf6 4. cxd5 cxd5 5. Bf4 Nc6 6. e3 Bf5 7. Qb3 Na5 8.
Qa4+ Bd7 9. Qc2 e6 10. Nf3 Be7 11. Bd3 Nc6 12. a3 Nh5 13. Be5 f6 14. Bg3 f5 15.
Be5 O-O 16. h3 Nf6 17. g4 Ne4 18. gxf5 Rxf5 19. Bf4 Rc8 20. Qe2 Nxc3 21. bxc3
Rf8 22. Qc2 h6 23. Ke2 Be8 24. Rhg1 Bh5 25. Bg6 Bxf3+ 26. Kxf3 Bg5 27. Qd2 e5
28. h4 Bxf4 29. exf4 Rxf4+ 30. Ke2 Qf6 31. Raf1 exd4 32. Bc2 dxc3 33. Qxd5+ Kh8
34. Rg3 Rd8 35. Re3 Rxd5 0-1

[Event "Mondiale Semilampo FIDE 2024"]
[Site "New York"]
[Date "28.12.2024"]
[Round "11.57"]
[White "Harsha, Bharathakoti"]
[Black "Sardana, Rishi"]
[Result "1-0"]
[WhiteTitle "GM"]
[BlackTitle "IM"]
[WhiteElo "2531"]
[BlackElo "2466"]
[WhiteFideId "5078776"]
[BlackFideId "25004301"]
[EventDate "26.12.2024"]

1. d4 Nf6 2. c4 e6 3. Nc3 d5 4. cxd5 exd5 5. Bg5 c6 6. e3 Be7 7. Bd3 O-O 8. Nge2
Nbd7 9. O-O Re8 10. Qc2 Nf8 11. a4 a5 12. Rad1 Nh5 13. Bxe7 Qxe7 14. Rfe1 Ng6
15. Ng3 Nxg3 16. hxg3 Bg4 17. Rb1 Rad8 18. Ne2 h5 19. Nf4 Nxf4 20. gxf4 h4 21.
Bf5 Bxf5 22. Qxf5 Rd6 23. b4 Rf6 24. Qe5 Qd7 25. Qh5 Rh6 26. Qf3 Ra8 27. b5 Rg6
28. Kh2 Qd6 29. bxc6 bxc6 30. Rb7 Re8 31. Reb1 Rh6 32. Qg4 c5 33. Rd7 Qc6 34.
Rbb7 cxd4 35. Rxf7 g6 36. exd4 Qd6 37. Qg5 Rh5 38. Rg7+ Kh8 39. Rxg6 Rxg5 40.
Rxd6 Rg4 41. Rxd5 Rxf4 42. f3 Rc8 43. Rh5+ Kg8 44. Rg5+ Kh8 45. Rxa5 Rxd4 46.
Rh5+ Kg8 47. Rg5+ Kh8 48. a5 Ra4 49. Rh5+ Kg8 50. Rg5+ Kh8 51. a6 Rxa6 52. Rh5+
Kg8 53. Rxh4 Rg6 54. Rbb4 1-0

[Event "Mondiale Semilampo FIDE 2024"]
[Site "New York"]
[Date "28.12.2024"]
[Round "11.58"]
[White "Kadric, Denis"]
[Black "Tang, Andrew"]
[Result "1-0"]
[WhiteTitle "GM"]
[BlackTitle "GM"]
[WhiteElo "2544"]
[BlackElo "2527"]
[WhiteFideId "14403803"]
[BlackFideId "2059630"]
[EventDate "26.12.2024"]

1. e4 e5 2. Nf3 Nc6 3. Bc4 Nf6 4. d3 Be7 5. O-O O-O 6. Nc3 d6 7. a4 Bg4 8. h3
Bh5 9. Nd5 Nxd5 10. Bxd5 Bxf3 11. Qxf3 Nd4 12. Qd1 c6 13. Ba2 Bg5 14. Be3 Ne6
15. Bxe6 Bxe3 16. Bxf7+ Rxf7 17. fxe3 Rxf1+ 18. Qxf1 Qb6 19. Qc1 Rf8 20. b3 d5
21. exd5 cxd5 22. Qd2 Rc8 23. Rf1 Qc5 24. Rf2 h6 25. Qe2 Rf8 26. Rxf8+ Kxf8 27.
Kf2 d4 28. exd4 exd4 29. Ke1 Qc3+ 30. Qd2 Qa1+ 31. Kf2 Kf7 32. Kf3 Ke6 33. Ke4
Qg1 34. Qe2 b6 35. Qg4+ Kf7 36. Kd5 Kg8 37. Kc6 Qf2 38. Kb7 Qxc2 39. Qc8+ Qxc8+
40. Kxc8 1-0

[Event "Mondiale Semilampo FIDE 2024"]
[Site "New York"]
[Date "28.12.2024"]
[Round "11.59"]
[White "Mamedov, Edgar"]
[Black "Andersen, Mads"]
[Result "0-1"]
[WhiteTitle "IM"]
[BlackTitle "GM"]
[WhiteElo "2441"]
[BlackElo "2592"]
[WhiteFideId "13739980"]
[BlackFideId "1413864"]
[EventDate "26.12.2024"]

1. d4 d5 2. c4 e6 3. Nf3 Nf6 4. Nc3 c5 5. cxd5 exd5 6. g3 Nc6 7. Bg2 Be7 8. O-O
O-O 9. dxc5 Bxc5 10. Na4 Bb6 11. Nxb6 Qxb6 12. b3 d4 13. Bb2 Rd8 14. Qc1 a5 15.
e3 d3 16. Nd4 Bg4 17. Qd2 Qa6 18. Nxc6 bxc6 19. Rfc1 Rd6 20. Rc4 Be6 21. Ra4 Qb5
22. Rc1 Ra6 23. Bc3 c5 24. Rxa5 Rxa5 25. Bxa5 Bd5 26. f3 Bb7 27. e4 Nd7 28. Bc3
f6 29. Bf1 c4 30. Bb4 Ne5 31. Bg2 Rd7 32. Kh1 cxb3 33. axb3 Nc6 34. Bh3 Rd8 35.
Be6+ Kh8 36. Bc3 Ne5 37. Bxe5 Qxe5 38. Bc4 f5 39. Bxd3 fxe4 40. fxe4 Qd4 41. h4
Bxe4+ 42. Kh2 Bxd3 43. Rd1 h6 44. b4 Qc4 45. Rc1 Qb5 46. Rd1 Kh7 47. Qe3 Rd7 48.
Rd2 Bf5 49. Rb2 Rd3 50. Qf4 Qd5 51. g4 Be4 52. Re2 Rd4 53. Rb2 Rd1 54. Re2 Bd3
55. Rg2 Rf1 56. Qg3 Be4 57. g5 Bxg2 0-1

[Event "Mondiale Semilampo FIDE 2024"]
[Site "New York"]
[Date "28.12.2024"]
[Round "11.60"]
[White "Grebnev, Aleksey"]
[Black "Gan-Erdene, Sugar"]
[Result "1-0"]
[WhiteTitle "GM"]
[BlackTitle "IM"]
[WhiteElo "2555"]
[BlackElo "2437"]
[WhiteFideId "34189030"]
[BlackFideId "4902980"]
[EventDate "26.12.2024"]

1. d4 Nf6 2. c4 g6 3. Nc3 Bg7 4. e4 d6 5. Be2 O-O 6. Be3 e5 7. d5 a5 8. h4 Na6
9. h5 Nc5 10. h6 Bh8 11. Qc2 c6 12. Nf3 cxd5 13. cxd5 b6 14. Nd2 Bd7 15. Bxc5
bxc5 16. Bb5 Ne8 17. Bxd7 Qxd7 18. Nc4 Qd8 19. f3 Bf6 20. O-O-O Nc7 21. Kb1 Qe7
22. a3 Rfb8 23. g3 Qd7 24. f4 Qe7 25. f5 Bg5 26. Rdf1 Ne8 27. Ne2 Nc7 28. Nc3
Ne8 29. Qe2 Nf6 30. Ka2 Kh8 31. Rf2 Ng8 32. fxg6 fxg6 33. Qg4 Rf8 34. Rxf8 Rxf8
35. Qe6 Qxe6 36. dxe6 Rf6 37. Nxd6 Bxh6 38. Rxh6 Rxe6 39. Nf7+ Kg7 40. Rxh7+
Kxh7 41. Ng5+ Kh6 42. Nxe6 Kh5 43. Nxc5 Kg4 44. Nd3 Kxg3 45. Nxe5 g5 46. Nf7 Kf4
47. Nxg5 Kxg5 48. Kb3 Kf4 49. Ka4 1-0

[Event "Mondiale Semilampo FIDE 2024"]
[Site "New York"]
[Date "28.12.2024"]
[Round "11.61"]
[White "Amar, Elham"]
[Black "Sharshenbekov, Emir"]
[Result "1-0"]
[WhiteTitle "GM"]
[BlackTitle "CM"]
[WhiteElo "2534"]
[BlackElo "2078"]
[WhiteFideId "1533533"]
[BlackFideId "13810634"]
[EventDate "26.12.2024"]

1. e4 d6 2. d4 Nf6 3. Nc3 g6 4. Nf3 Bg7 5. Be3 O-O 6. Qd2 Re8 7. Bh6 Bh8 8.
O-O-O c6 9. Bd3 b5 10. e5 b4 11. Ne4 Nxe4 12. Bxe4 a5 13. h4 Be6 14. h5 dxe5 15.
hxg6 hxg6 16. Bf8 Bf6 17. Qh6 exd4 18. Nxd4 Qd6 19. Bxg6 fxg6 20. Qxg6+ Kxf8 21.
Nxe6+ Qxe6 22. Rh8+ Bxh8 23. Qxe6 c5 24. Rh1 Bg7 25. Qf5+ Kg8 26. Qd5+ Kf8 27.
Qf3+ Kg8 28. Qxa8 Kf7 29. Qf3+ Bf6 30. Qh5+ Kf8 31. Qg6 Nd7 32. f4 e5 33. Qf5
Re7 34. fxe5 1-0

[Event "Mondiale Semilampo FIDE 2024"]
[Site "New York"]
[Date "28.12.2024"]
[Round "11.62"]
[White "Brodsky, David"]
[Black "Manon, Reja Neer"]
[Result "1-0"]
[WhiteTitle "GM"]
[BlackTitle "IM"]
[WhiteElo "2538"]
[BlackElo "2429"]
[WhiteFideId "2073250"]
[BlackFideId "10224009"]
[EventDate "26.12.2024"]

1. d4 Nf6 2. c4 g6 3. g3 Bg7 4. Bg2 O-O 5. Nc3 c5 6. Nf3 d6 7. O-O Nc6 8. dxc5
dxc5 9. Bf4 Be6 10. Qa4 Qa5 11. Ne5 Qxa4 12. Nxa4 Nd4 13. Rae1 Nh5 14. e3 Nxf4
15. gxf4 Bxe5 16. fxe5 Nc6 17. b3 Nxe5 18. Nxc5 Rad8 19. f4 Nd3 20. Nxd3 Rxd3
21. Bxb7 Rd2 22. Rf2 Rfd8 23. c5 Bh3 24. c6 Rd1 25. Re2 Rxe1+ 26. Rxe1 Rd2 27.
Rc1 Bg2 28. Ba6 1-0

[Event "Mondiale Semilampo FIDE 2024"]
[Site "New York"]
[Date "28.12.2024"]
[Round "11.63"]
[White "Lou, Yiping"]
[Black "Ohanyan, Emin"]
[Result "0-1"]
[WhiteTitle "IM"]
[BlackTitle "GM"]
[WhiteElo "2459"]
[BlackElo "2514"]
[WhiteFideId "8603928"]
[BlackFideId "13312022"]
[EventDate "26.12.2024"]

1. Nf3 d5 2. g3 g6 3. c4 dxc4 4. Qa4+ Nc6 5. Qxc4 Bg7 6. d3 e5 7. Bg2 Nge7 8.
O-O O-O 9. Nc3 Nd4 10. Bg5 c6 11. Nxd4 exd4 12. Ne4 h6 13. Bf6 Bxf6 14. Nxf6+
Kg7 15. Ne4 Be6 16. Qc5 f6 17. b4 b6 18. Qc2 Rc8 19. Rfc1 f5 20. Nd2 Nd5 21.
Bxd5 Bxd5 22. Qb2 Qf6 23. Nb3 Rce8 24. Nxd4 Kh7 25. e3 f4 26. e4 Bxe4 27. dxe4
Rxe4 28. Rxc6 Qxd4 29. Rc7+ Kg8 30. Qb3+ Kh8 31. Rd1 fxg3 32. Qc3 gxf2+ 33. Kf1
Qxc3 34. Rxc3 Rg4 35. Rg3 Rxg3 36. hxg3 Kg7 37. a4 h5 38. a5 bxa5 39. bxa5 a6
40. Rb1 Rf5 41. Rb6 Rxa5 42. Kxf2 Kh6 43. Kg2 Kg5 44. Kh3 Ra3 45. Rc6 Ra5 46.
Rb6 Ra2 47. Rc6 a5 48. Rc5+ Kh6 49. Rd5 g5 50. Rd6+ Kg7 51. Ra6 Ra3 52. Kg2 g4
53. Rc6 Ra2+ 54. Kf1 a4 55. Rc4 a3 56. Rc3 Kf6 57. Re3 Kg5 58. Kg1 Kf5 59. Kf1
h4 60. gxh4 Kf4 61. Rb3 g3 62. Kg1 Kg4 63. h5 Kh3 64. Rb1 Rb2 65. Rf1 Rg2+ 66.
Kh1 Rh2+ 67. Kg1 Rh1+ 0-1

[Event "Mondiale Semilampo FIDE 2024"]
[Site "New York"]
[Date "28.12.2024"]
[Round "11.64"]
[White "Onischuk, Alexander"]
[Black "Urazayev, Arystanbek"]
[Result "1-0"]
[WhiteTitle "GM"]
[BlackTitle "IM"]
[WhiteElo "2640"]
[BlackElo "2470"]
[WhiteFideId "14101025"]
[BlackFideId "13709810"]
[EventDate "26.12.2024"]

1. c4 e6 2. Nc3 d5 3. d4 a6 4. cxd5 exd5 5. Bf4 Nf6 6. e3 c5 7. Nf3 Nc6 8. Be2
cxd4 9. Nxd4 Bc5 10. Nxc6 bxc6 11. Rc1 Ba7 12. Qa4 Bd7 13. Qa3 c5 14. O-O Be6
15. Na4 Nd7 16. Bd6 c4 17. Rfd1 Qg5 18. Bf3 Ne5 19. Bxe5 Qxe5 20. Rxc4 Bb8 21.
Nb6 Bd6 22. Qa4+ Ke7 23. Rf4 g5 24. Rxd5 Qxb2 25. Rfd4 Bxd5 26. Qd7+ Kf8 27.
Qxd6+ Kg7 28. Nxd5 Qb1+ 29. Rd1 Qb2 30. Ne7 Rae8 31. Nf5+ Kg8 32. Bc6 Rb8 33.
Qd8+ 1-0

[Event "Mondiale Semilampo FIDE 2024"]
[Site "New York"]
[Date "28.12.2024"]
[Round "11.66"]
[White "Escobar Forero, Alder"]
[Black "Petrosian, Tigran L."]
[Result "0-1"]
[WhiteTitle "GM"]
[BlackTitle "GM"]
[WhiteElo "2420"]
[BlackElo "2551"]
[WhiteFideId "4400801"]
[BlackFideId "13301616"]
[EventDate "26.12.2024"]

1. e4 g6 2. d4 Bg7 3. c3 d6 4. Bd3 Nc6 5. Bg5 h6 6. Bh4 Nf6 7. f4 e5 8. fxe5
dxe5 9. d5 Nb8 10. Nf3 O-O 11. O-O c6 12. c4 Qb6+ 13. Kh1 Qxb2 14. Nbd2 Nbd7 15.
Nb3 Qa3 16. Nxe5 Nxe5 17. Bxf6 Bxf6 18. Rxf6 Qb2 19. Rf4 g5 20. Rf1 Bg4 21. Qc2
Qxc2 22. Bxc2 Nxc4 23. h3 Bh5 24. Nc5 Bg6 25. Bb3 Nd2 26. Rfe1 Nxb3 27. axb3
cxd5 28. exd5 Rfd8 29. Re5 b6 30. Na6 Rd7 31. Nb4 a5 32. Nc6 Kf8 33. h4 gxh4 34.
Ra4 h3 35. gxh3 Re8 36. Rxe8+ Kxe8 37. b4 Be4+ 38. Kh2 Bxd5 39. Ne5 Re7 40. Ng4
Re2+ 41. Kg3 Ra2 42. Rxa2 Bxa2 43. bxa5 bxa5 44. Kf4 Be6 45. Nxh6 a4 0-1

[Event "Mondiale Semilampo FIDE 2024"]
[Site "New York"]
[Date "28.12.2024"]
[Round "11.67"]
[White "Kacharava, Nikolozi"]
[Black "Chanda, Sandipan"]
[Result "0-1"]
[WhiteTitle "GM"]
[BlackTitle "GM"]
[WhiteElo "2510"]
[BlackElo "2480"]
[WhiteFideId "13611860"]
[BlackFideId "5004225"]
[EventDate "26.12.2024"]

1. e4 c5 2. Nf3 d6 3. d4 cxd4 4. Qxd4 Nf6 5. Nc3 Nc6 6. Bb5 Bd7 7. Bxc6 Bxc6 8.
Bg5 e6 9. O-O-O Be7 10. Qd3 Qa5 11. h4 O-O 12. Nd4 Rad8 13. f4 Rfe8 14. f5 Ng4
15. Qg3 h5 16. Bxe7 Rxe7 17. fxe6 fxe6 18. Nxc6 bxc6 19. Rxd6 e5 20. Qd3 Rxd6
21. Qxd6 Qc7 22. Rd1 Qxd6 23. Rxd6 Rf7 24. g3 Rf3 25. Rxc6 Rxg3 26. b4 g5 27.
Rc8+ Kf7 28. Rc7+ Kg6 29. Rc6+ Kf7 30. Rc7+ Ke6 31. Nd5 gxh4 32. c4 Nf2 33. Re7+
Kd6 34. c5+ Kc6 35. Re6+ Kb5 36. a4+ Kxa4 37. c6 h3 38. c7 h2 39. Kc2 Rg8 40.
Ra6+ Kb5 41. Ra5+ Kc6 42. Ne7+ Kxc7 43. Rxa7+ Kb6 44. Ra1 Rg1 0-1

[Event "Mondiale Semilampo FIDE 2024"]
[Site "New York"]
[Date "28.12.2024"]
[Round "11.68"]
[White "Thavandiran, Shiyam"]
[Black "Hovhannisyan, Robert"]
[Result "1-0"]
[WhiteTitle "IM"]
[BlackTitle "GM"]
[WhiteElo "2410"]
[BlackElo "2626"]
[WhiteFideId "2605058"]
[BlackFideId "13302507"]
[EventDate "26.12.2024"]

1. e4 e5 2. Bc4 Nf6 3. d3 Nc6 4. Nc3 Bb4 5. Nf3 O-O 6. O-O Bxc3 7. bxc3 h6 8.
Re1 d6 9. h3 Be6 10. Bb3 Re8 11. Rb1 b6 12. Bb2 Na5 13. Ba4 Rf8 14. c4 Nh7 15.
Bc3 Nb7 16. Bc6 Rb8 17. d4 f6 18. Qd3 Ng5 19. Nh4 exd4 20. Qxd4 Bf7 21. f4 Ne6
22. Qe3 Nec5 23. Qg3 Kh7 24. Re3 Be8 25. Nf5 g6 26. Nd4 Qe7 27. Rbe1 Nd8 28. Nf5
Qf7 29. Bd5 Qd7 30. Nxh6 c6 31. Ng4 cxd5 32. Nxf6+ Rxf6 33. Qh4+ Kg8 34. Qxf6 d4
35. Qxd4 Qh7 36. Qxd6 Nc6 37. f5 Qe7 38. Qf4 Rd8 39. e5 Qf7 40. e6 Qxf5 41. Qh6
Nd4 42. Bxd4 Rxd4 43. Rf3 Qxf3 44. gxf3 Rxc4 45. e7 Nd7 46. Rd1 1-0

[Event "Mondiale Semilampo FIDE 2024"]
[Site "New York"]
[Date "28.12.2024"]
[Round "11.69"]
[White "Kobalia, Mikhail"]
[Black "Macovei, Andrei"]
[Result "1/2-1/2"]
[WhiteTitle "GM"]
[BlackTitle "IM"]
[WhiteElo "2543"]
[BlackElo "2477"]
[WhiteFideId "4119150"]
[BlackFideId "13904680"]
[EventDate "26.12.2024"]

1. e4 e5 2. Nf3 Nc6 3. Bb5 a6 4. Ba4 Nf6 5. O-O d6 6. Re1 Bd7 7. Bxc6 Bxc6 8. d4
exd4 9. Nxd4 Bd7 10. e5 dxe5 11. Rxe5+ Be7 12. Qe1 Kf8 13. Nc3 Bd6 14. Re2 h6
15. Ne4 Nxe4 16. Rxe4 Qf6 17. Bd2 Kg8 18. Ne2 Kh7 19. Bc3 Qg6 20. Ng3 Rhe8 21.
Rxe8 Rxe8 22. Qd1 Bg4 23. Qd3 Qxd3 24. cxd3 Be6 25. Ne4 Be7 26. Kf1 Rd8 27. Ke2
Bd5 28. f3 Re8 29. Kf2 f5 30. Nd2 Bc5+ 31. d4 Bd6 32. Nf1 f4 33. Nd2 g5 34. a3
Kg6 35. Re1 Rxe1 36. Kxe1 Kf5 37. Ke2 h5 38. h3 Bc6 39. Kf2 Bb5 40. Ne4 Be7 41.
Bb4 Bd8 42. Bc3 b6 43. g4+ fxg3+ 44. Nxg3+ Kg6 45. Ne4 Bc6 46. Ng3 Be7 47. Bd2
Bf6 48. Bc3 a5 49. Ne4 Be7 50. Ng3 Bd5 51. Bd2 Be6 52. Kg2 Bc4 53. Kf2 Bd3 54.
Ke3 Bc4 55. Kf2 a4 56. Ne4 Bd5 57. Ng3 c5 58. dxc5 Bxc5+ 59. Be3 Bxe3+ 60. Kxe3
Be6 61. f4 Bxh3 62. fxg5 Kxg5 63. Ne4+ Kg4 64. Nf6+ Kg5 65. Ne4+ Kg6 66. Kf4 Bd7
67. Nd2 Be6 68. Ne4 Bd5 69. Nc3 Bc6 70. Ne2 Kf6 71. Nd4 Bd7 72. b3 axb3 73. Nxb3
Ke6 74. Kg5 Be8 75. Nd4+ Ke5 76. Nf5 Kd5 77. Ne7+ Kc5 78. Kh4 b5 79. Kg5 Kc4 80.
Nf5 Kc5 81. Ng7 Bf7 82. Nf5 Be6 83. Ne3 Kd4 84. Nc2+ Kc3 85. Nb4 Kb3 86. Nc6 Ka4
87. Kxh5 Kxa3 88. Nd4 Bf7+ 89. Kg5 b4 90. Nc2+ Ka4 91. Nxb4 1/2-1/2

[Event "Mondiale Semilampo FIDE 2024"]
[Site "New York"]
[Date "28.12.2024"]
[Round "11.70"]
[White "Hungaski, Robert"]
[Black "Benjamin, Joel"]
[Result "1-0"]
[WhiteTitle "GM"]
[BlackTitle "GM"]
[WhiteElo "2477"]
[BlackElo "2473"]
[WhiteFideId "2021030"]
[BlackFideId "2000091"]
[EventDate "26.12.2024"]

1. h3 d5 2. e3 Nf6 3. Nf3 g6 4. c4 c6 5. b3 Bg7 6. Bb2 O-O 7. Be2 a5 8. Nc3 Na6
9. O-O Nc5 10. d3 Bf5 11. Nd4 Bd7 12. f4 Qb6 13. Rb1 Rad8 14. Bf3 e6 15. Nce2
Na6 16. Qd2 c5 17. Nc2 Nb4 18. Ne1 dxc4 19. bxc4 Bc6 20. Bxf6 Bxf6 21. a3 Rd7
22. axb4 cxb4 23. d4 Rc8 24. Qd3 Qa6 25. Bxc6 Qxc6 26. c5 b6 27. cxb6 Qxb6 28.
Nf3 a4 29. Ne5 Rdc7 30. Rfc1 Qb7 31. Rc4 Rxc4 32. Nxc4 Be7 33. Nd2 b3 34. Kf2
Bh4+ 35. g3 Be7 36. Nc3 Bb4 37. Nxa4 Rc2 38. Rxb3 Ra2 39. Nc3 Qh1 40. Nxa2 Qh2+
41. Ke1 1-0

[Event "Mondiale Semilampo FIDE 2024"]
[Site "New York"]
[Date "28.12.2024"]
[Round "11.72"]
[White "Schnaider, Ilan"]
[Black "Bilych, Oleksii"]
[Result "1/2-1/2"]
[WhiteTitle "IM"]
[BlackTitle "IM"]
[WhiteElo "2392"]
[BlackElo "2435"]
[WhiteFideId "169013"]
[BlackFideId "14156504"]
[EventDate "26.12.2024"]

1. d4 d5 2. Nc3 Nf6 3. Bf4 c5 4. e3 cxd4 5. exd4 Bg4 6. f3 Bd7 7. Nb5 Bxb5 8.
Bxb5+ Nc6 9. c3 e6 10. Ne2 Be7 11. Qd2 O-O 12. O-O Qb6 13. Bd3 e5 14. Be3 exd4
15. Nxd4 Bc5 16. Bf2 Nxd4 17. cxd4 Bb4 18. Qg5 Rfe8 19. Kh1 Bf8 20. Rab1 g6 21.
b4 Bg7 22. a4 Rac8 23. a5 Qd8 24. Qd2 Nd7 25. b5 Nf8 26. b6 a6 27. Bc2 Qd7 28.
Bb3 Ne6 29. Qb4 Red8 30. Rfd1 Qc6 31. Be1 Bf6 32. Rd3 Nf4 33. Re3 h5 34. Bg3 Ne6
35. Rd3 h4 36. Bf2 Nf4 37. Re3 Qd7 38. Qd2 Qf5 39. Rbe1 Kg7 40. h3 Ne6 41. Rd3
Bg5 42. Be3 Nf4 43. Rc3 Rxc3 44. Qxc3 Nxh3 45. Bc2 Rc8 46. Bxf5 Rxc3 47. Bxh3
Bxe3 48. Bc8 Bd2 49. Rd1 Rxc8 50. Rxd2 Rc4 51. Kh2 Ra4 52. Rc2 Rxa5 53. Rc7 Ra4
54. Rxb7 Rxd4 55. Ra7 Ra4 56. Kh3 g5 57. Rd7 Ra5 58. b7 Rb5 59. Rxd5 Rxb7 60.
Rxg5+ Kf6 61. Ra5 Rb6 1/2-1/2

[Event "Mondiale Semilampo FIDE 2024"]
[Site "New York"]
[Date "28.12.2024"]
[Round "11.73"]
[White "Dudin, Gleb"]
[Black "Wanyama, Harold"]
[Result "1-0"]
[WhiteTitle "GM"]
[BlackTitle "FM"]
[WhiteElo "2506"]
[BlackElo "2154"]
[WhiteFideId "34184934"]
[BlackFideId "10000380"]
[EventDate "26.12.2024"]

1. d4 d5 2. c4 e6 3. Nc3 Be7 4. cxd5 exd5 5. Bf4 c6 6. e3 Nf6 7. Bd3 Nbd7 8. h3
b5 9. Nf3 Bb7 10. O-O a6 11. a3 c5 12. dxc5 Nxc5 13. Nd4 Nxd3 14. Qxd3 O-O 15.
Nf5 Re8 16. Nxe7+ Qxe7 17. Rfd1 h6 18. Rac1 Rac8 19. Rc2 Rc4 20. Rcd2 Rd8 21.
Qf5 Re8 22. Rd4 Rxc3 23. bxc3 Ne4 24. Ra1 Nxc3 25. Rd2 Ne4 26. Rc2 g6 27. Qg4
Qf6 28. Rac1 h5 29. Qd7 Re7 30. Qd8+ Kg7 31. Rc7 Rxc7 32. Qxf6+ Kxf6 33. Rxc7
Ba8 34. Ra7 g5 35. Bb8 d4 36. Rxa8 d3 37. Kf1 Nc3 38. Ke1 1-0

[Event "Mondiale Semilampo FIDE 2024"]
[Site "New York"]
[Date "28.12.2024"]
[Round "11.74"]
[White "Gretarsson, Helgi Ass"]
[Black "Matviishen, Viktor"]
[Result "1-0"]
[WhiteTitle "GM"]
[BlackTitle "GM"]
[WhiteElo "2418"]
[BlackElo "2566"]
[WhiteFideId "2300699"]
[BlackFideId "14129850"]
[EventDate "26.12.2024"]

1. Nf3 Nf6 2. c4 e6 3. Nc3 d5 4. e3 b6 5. b3 Bb7 6. Bb2 g6 7. cxd5 exd5 8. Ne2
Bg7 9. g3 O-O 10. Bg2 a5 11. O-O a4 12. b4 a3 13. Bc3 c5 14. Rb1 Qe7 15. Nf4 Na6
16. bxc5 bxc5 17. Qb3 Nb4 18. Bxb4 cxb4 19. Qxb4 Qxb4 20. Rxb4 Ba6 21. d3 Rfc8
22. Rb3 Bf8 23. Nd4 Rab8 24. Rxb8 Rxb8 25. Nxd5 Nxd5 26. Bxd5 Bxd3 27. Rd1 Bb1
28. Bb3 Rxb3 29. Nxb3 Bxa2 30. Nc1 Be6 31. Rd8 Kg7 32. Ra8 Be7 33. Kf1 Kf6 34.
Ke2 Ke5 35. Nd3+ Kd5 36. Ra4 Kc6 37. Kd2 Kb6 38. Kc2 Kb5 39. Ra7 Bd6 40. Nc1 Kb4
41. Nd3+ Kc4 42. e4 Bf8 43. Ne5+ Kd4 44. Nxf7 Bb4 45. Nd8 Bc4 46. Nc6+ Kc5 47.
Nxb4 Kxb4 48. Rxh7 Bb3+ 49. Kb1 1-0

[Event "Mondiale Semilampo FIDE 2024"]
[Site "New York"]
[Date "28.12.2024"]
[Round "11.75"]
[White "Fressinet, Laurent"]
[Black "Kvaloy, Aksel Bu"]
[Result "1/2-1/2"]
[WhiteTitle "GM"]
[BlackTitle "IM"]
[WhiteElo "2588"]
[BlackElo "2490"]
[WhiteFideId "608742"]
[BlackFideId "1528815"]
[EventDate "26.12.2024"]

1. Nf3 d5 2. e3 Nf6 3. c4 e6 4. Nc3 b6 5. cxd5 exd5 6. b4 Bb7 7. Bb2 Bd6 8. b5
O-O 9. Be2 a6 10. a4 Nbd7 11. O-O Re8 12. Nd4 Ne5 13. d3 Qd7 14. Qb3 Ng6 15.
Rfe1 Be5 16. Bf1 h5 17. Nce2 h4 18. h3 Bd6 19. Nf3 Qf5 20. Ned4 Qh5 21. Ba3 Bxa3
22. Rxa3 Ne5 23. Rc1 Nxf3+ 24. Nxf3 Bc8 25. Be2 Be6 26. Qb4 axb5 27. axb5 Rxa3
28. Qxa3 g5 29. Qb2 Qh6 30. Qe5 g4 31. Qg5+ Qxg5 32. Nxg5 gxh3 33. gxh3 Re7 34.
Kh2 Ne8 35. Nf3 Nd6 36. Nd4 Kg7 37. Bf3 Kf6 38. Bg4 Bf5 39. Rc3 Bg6 40. Bf3 Rd7
41. Kg2 Bf5 42. Bg4 Be6 43. f4 Re7 44. Kf3 Kg6 45. Kf2 f5 46. Bf3 Kf6 47. Ra3
Nb7 48. Ra8 Nc5 49. Be2 Rg7 50. Rh8 Bd7 51. Rxh4 Ne6 52. Nxe6 Bxe6 53. d4 Kg6
54. Rh5 Kf6 55. Rh6+ Rg6 56. Rh7 Rg7 57. Rh4 Kg6 58. Rh5 Kf6 59. h4 Bf7 60. Rg5
Be8 61. Kg3 Bd7 62. Bd3 Rg6 63. Kf2 Rg7 64. Rh5 Be6 65. Rg5 Bd7 66. Bc2 Be6 67.
Bb3 Rg6 68. Kg3 Rg7 69. Bd1 Bd7 70. Be2 Be6 71. Kf2 Bd7 72. Bf3 Be6 73. Rh5 Bf7
74. Rh8 Rg8 75. Rxg8 Bxg8 76. Bh5 Bf7 77. Bf3 Kg6 78. Kg3 Kh6 79. Be2 Be6 80.
Bf1 Bf7 81. Bg2 Be6 82. Bf3 Bf7 83. Kf2 Be6 84. Ke1 Bf7 1/2-1/2

[Event "Mondiale Semilampo FIDE 2024"]
[Site "New York"]
[Date "28.12.2024"]
[Round "11.76"]
[White "Kevlishvili, Robby"]
[Black "Zhalmakhanov, Ramazan"]
[Result "1-0"]
[WhiteTitle "GM"]
[BlackTitle "GM"]
[WhiteElo "2556"]
[BlackElo "2486"]
[WhiteFideId "1040634"]
[BlackFideId "13706357"]
[EventDate "26.12.2024"]

1. e4 c5 2. Nf3 d6 3. d4 cxd4 4. Nxd4 Nf6 5. Nc3 a6 6. g3 e5 7. Nb3 Bg4 8. f3
Be6 9. f4 Qc7 10. f5 Bc4 11. Qf3 b5 12. Bg5 Nbd7 13. O-O-O Rc8 14. a3 Be7 15.
Kb1 Nb6 16. Bxf6 Bxf6 17. Bxc4 Nxc4 18. Nd5 Qc6 19. Qe2 Bd8 20. h4 a5 21. c3 O-O
22. g4 b4 23. cxb4 axb4 24. Nxb4 Qb5 25. Qd3 Bb6 26. Rc1 Rc7 27. Qd5 1-0

[Event "Mondiale Semilampo FIDE 2024"]
[Site "New York"]
[Date "28.12.2024"]
[Round "11.77"]
[White "Saraci, Nderim"]
[Black "Corrales Jimenez, Fidel"]
[Result "1-0"]
[WhiteTitle "IM"]
[BlackTitle "GM"]
[WhiteElo "2431"]
[BlackElo "2555"]
[WhiteFideId "6351921"]
[BlackFideId "3506690"]
[EventDate "26.12.2024"]

1. Nf3 Nf6 2. b3 g6 3. Bb2 Bg7 4. d4 d6 5. g3 b6 6. Bg2 Bb7 7. O-O Nbd7 8. c4 e6
9. Nc3 Ne4 10. Qc2 Nxc3 11. Bxc3 Nf6 12. Rad1 Be4 13. Qb2 O-O 14. Rfe1 a5 15.
Bf1 Bxf3 16. exf3 d5 17. c5 bxc5 18. dxc5 c6 19. a3 Ne8 20. Bxg7 Nxg7 21. b4
axb4 22. axb4 Ne8 23. Ra1 Nc7 24. Rxa8 Qxa8 25. h4 h5 26. g4 Qd8 27. Qe5 Ne8 28.
gxh5 Qxh4 29. hxg6 Ng7 30. b5 fxg6 31. bxc6 Rxf3 32. Re2 Rf8 33. c7 Qg4+ 34. Bg2
Rc8 35. Rb2 Qd1+ 36. Kh2 Qa4 37. Rb8 Qe8 38. Qd6 Kh7 39. Rxc8 Qxc8 40. Qd8 1-0

[Event "Mondiale Semilampo FIDE 2024"]
[Site "New York"]
[Date "28.12.2024"]
[Round "11.78"]
[White "Juksta, Karolis"]
[Black "Erenburg, Sergey"]
[Result "1-0"]
[WhiteTitle "IM"]
[BlackTitle "GM"]
[WhiteElo "2403"]
[BlackElo "2510"]
[WhiteFideId "12809039"]
[BlackFideId "2805642"]
[EventDate "26.12.2024"]

1. d4 d5 2. c4 e6 3. Nf3 c6 4. Nbd2 Nf6 5. g3 Be7 6. Bg2 O-O 7. O-O b6 8. Qc2
Bb7 9. e4 Nbd7 10. Rd1 Rc8 11. b3 c5 12. exd5 exd5 13. Bb2 Qc7 14. Rac1 Qb8 15.
Qb1 Qa8 16. Nh4 Rfe8 17. cxd5 Bxd5 18. Bxd5 Qxd5 19. Nc4 cxd4 20. Bxd4 Qh5 21.
Qf5 b5 22. Ne3 Rxc1 23. Rxc1 Qe2 24. Rc2 Qe1+ 25. Kg2 Qb4 26. Nf3 g6 27. Qd3 a6
28. Rc6 Rd8 29. Bc3 Qa3 30. Qc2 b4 31. Nc4 bxc3 32. Nxa3 Bxa3 33. Qxc3 Be7 34.
Rxa6 Nc5 35. Ra7 Nd5 36. Qa5 Ne6 37. Ra8 Ndc7 38. Rxd8+ Bxd8 39. a4 Ne8 40. Qb5
Nd6 41. Qc6 Nf5 42. b4 1-0